000 00437nam a2200145 4500
999 _c511172
_d511172
008 190913b ||||| |||| 00| 0 eng d
100 _aMathur, B.P.
_910383
245 _aGovernment's obsession with growth- misleading the nation
260 _bMainstream
300 _a57(33), 3 Aug, 2019: p.23-27.
650 _aEconomic growth - India
_910384
773 _aMainstream
906 _aEconomic development - India
942 _2ddc
_cAR